Score 0/7 Timer 03:00
0 Plays Today
Question Answer Wrong Answers
Alfred Vail sends the first successful dot-and-dash-based telegraph, using a code developed by this man.
1838
Samuel Morse
95.6%
Thomas Edison
1.7%
Guglielmo Marconi
2.1%
Carl Friedrich Gauss
0.5%
This English comedian and actor, best known for his character Mr. Bean, is born in Consett, England.
1955
Rowan Atkinson
90.1%
Simon Pegg
3.4%
Bill Bailey
1.9%
Stephen Fry
3.1%
This Augustinian friar, known as the 'father of modern genetics' for his work on the heredity of pea plants, dies in BrĂ¼nn at the age of 61.
1884
Gregor Mendel
74.2%
Alfred Sturtevant
4.9%
Dmitri Mendeleev
14.9%
Hugo de Vries
5.6%
Satwant Singh and Kehar Singh are sentenced to death and executed for their role in the assassination of this Indian Prime Minister.
1989
Indira Gandhi
72.6%
Benazir Bhutto
14.9%
Chandra Shekhar
2%
Jawaharlal Nehru
8.4%
New Mexico is admitted as the 47th US state, with _________ as its capital.
1912
Santa Fe
70.4%
Phoenix
2.2%
Albuquerque
24.3%
Carson City
2%
This children's TV show, known for songs like 'Three Is a Magic Number' and 'I'm Just a Bill', premieres on ABC in the US.
1973
Schoolhouse Rock!
59%
Romper Room
1.8%
Sesame Street
28.6%
The Electric Company
8.8%
This American football coach, nicknamed 'Chucky', returns to coach the Oakland Raiders after a 9-year coaching hiatus as a broadcaster.
2018
Jon Gruden
46%
John Madden
28.8%
Pat Shurmur
8.2%
Bill Callahan
14.7%
Remove Ads.
Support Sporcle.
Get the best of Sporcle when you Go Orange. This ad-free experience offers more features, more stats, and more fun while also helping to support Sporcle. Thank you for becoming a member.

You're not logged in!

Compare scores with friends on all Sporcle quizzes.
OR
Log In

Show Comments

Extras

Top Quizzes Today


Score Distribution

Your Account Isn't Verified!

In order to create a playlist on Sporcle, you need to verify the email address you used during registration. Go to your Sporcle Settings to finish the process.

Report this User

Report this user for behavior that violates our Community Guidelines.

Details: